| 000 | 00549nam a2200217 a 4500 | ||
|---|---|---|---|
| 005 | 20210219153355.0 | ||
| 008 | 991125n 000 0 spa u | ||
| 035 | _aUPN01000094872 | ||
| 100 | _aWARREN, Waldo | ||
| 222 |
_aPUNTO 21 _bREVISTA DE EDUCACION |
||
| 245 | _aA propósito de los valores en la educación | ||
| 300 | _a3-4 | ||
| 362 | _a1988 No. 45, jun.-jul. | ||
| 653 | 0 | _aDERECHOS HUMANOS | |
| 653 | 0 | _aEDUCACION | |
| 653 | 0 | _aPAZ | |
| 653 | 0 | _aPERSONALIDAD | |
| 653 | 0 | _aVALORES | |
| 904 |
_aAC _b032683 |
||
| 905 | _aArticulo | ||
| 999 |
_c75239 _d75239 |
||